000 00644nam a22002057a 4500
005 20251108170135.0
008 250721s1990 xx 000 0 ara d
082 1 4 _a327.73056/ربي
100 1 _aربيع، محمد عبد العزيز
245 1 0 _aصنع السياسة الأمريكية و العرب /
264 1 _aعمان :
_bدار الكرمل،
_c1990.
300 _a250ص
650 1 7 _aالعلاقات الدولية
650 1 7 _aالسياسية الدولية
650 1 7 _aالسياسة الخارجية
650 1 7 _aالولايات المتحدة
650 1 7 _aالعرب
942 _2ddc
_cBK
999 _c40720
_d40720